Vom Einwanderungsland zur multikulturellen Gesellschaft: Grundlagen für eine schweizerische Migrationspolitik

Guardado en:  
Detalles Bibliográficos
Autor principal: Haug, Werner (Autor)
Tipo de documento: Print Libro Statistics
Lenguaje:Alemán
Publicado: Bern Bundesamt für Statistik 1995
En:Año: 1995
Verificar disponibilidad: HBZ Gateway
Servicio de pedido Subito: Pedir ahora.
Palabras clave:

MARC

LEADER 00000cam a22000002c 4500
001 160508834X
003 DE-627
005 20251225192220.0
007 tu
008 960313s1995 xx ||||| s 00| ||ger c
015 |a 95,B43,0106  |2 dnb 
016 7 |a 945585993  |2 DE-101 
020 |a 3303010633  |9 3-303-01063-3 
035 |a (DE-627)160508834X 
035 |a (DE-576)050882066 
035 |a (DE-599)DNB945585993 
035 |a (OCoLC)39639855 
035 |a (DE-615)00712774 
040 |a DE-627  |b ger  |c DE-627  |e rakwb 
041 |a ger 
082 0 |a 325.494 
084 |a RA05.14  |2 fivr 
084 |a SG02.04  |2 fivs 
084 |a MS 3600  |2 rvk  |0 (DE-625)rvk/123685: 
100 1 |8 1\p  |a Haug, Werner  |0 (DE-588)170594181  |0 (DE-627)060705051  |0 (DE-576)131465368  |4 aut 
109 |a Haug, Werner 
245 1 0 |a Vom Einwanderungsland zur multikulturellen Gesellschaft  |b Grundlagen für eine schweizerische Migrationspolitik  |c Werner Haug 
263 |a geh. : sfr 19.00 
264 1 |a Bern  |b Bundesamt für Statistik  |c 1995 
300 |a 64 S.  |b graph. Darst. 
336 |a Text  |b txt  |2 rdacontent 
337 |a ohne Hilfsmittel zu benutzen  |b n  |2 rdamedia 
338 |a Band  |b nc  |2 rdacarrier 
490 0 |a Statistik der Schweiz  |a 1, Bevölkerung 
583 1 |a Archivierung prüfen  |c 20200919  |f DE-640  |z 3  |2 pdager 
650 0 7 |0 (DE-588)4162051-3  |0 (DE-627)104819154  |0 (DE-576)209870583  |a Internationale Migration  |2 gnd 
650 0 7 |0 (DE-588)4123761-4  |0 (DE-627)104212659  |0 (DE-576)209562455  |a Migrationspolitik  |2 gnd 
650 0 7 |0 (DE-588)4112633-6  |0 (DE-627)104212705  |0 (DE-576)209469587  |a Ausländerpolitik  |2 gnd 
650 0 7 |0 (DE-588)4003725-3  |0 (DE-627)10638872X  |0 (DE-576)20885262X  |a Ausländer  |2 gnd 
650 0 7 |0 (DE-588)4006292-2  |0 (DE-627)10637804X  |0 (DE-576)208864989  |a Bevölkerungsentwicklung  |2 gnd 
650 0 7 |0 (DE-588)4003743-5  |0 (DE-627)106388673  |0 (DE-576)208852697  |a Ausländischer Arbeitnehmer  |2 gnd 
650 0 7 |0 (DE-588)4002733-8  |0 (DE-627)106392174  |0 (DE-576)208848509  |a Arbeitsmarkt  |2 gnd 
650 0 7 |0 (DE-588)4120509-1  |0 (DE-627)104262591  |0 (DE-576)209535695  |a Internationaler Vergleich  |2 gnd 
650 0 7 |0 (DE-588)4017604-6  |0 (DE-627)106329103  |0 (DE-576)208920668  |a Flüchtling  |2 gnd 
650 0 7 |0 (DE-588)4127746-6  |0 (DE-627)104151706  |0 (DE-576)209596201  |a Asylbewerber  |2 gnd 
650 0 7 |0 (DE-588)4020517-4  |0 (DE-627)106317768  |0 (DE-576)208933697  |a Geschichte  |2 gnd 
650 0 7 |0 (DE-588)4013960-8  |0 (DE-627)106341502  |0 (DE-576)20890610X  |a Einwanderung  |2 gnd 
650 0 7 |0 (DE-588)4151434-8  |0 (DE-627)104262184  |0 (DE-576)20978816X  |a Einwanderer  |2 gnd 
650 4 |a Schweiz  |x Internationale Migration  |x Migrationspolitik  |x Ausländerpolitik  |x Ausländer  |x Bevölkerungsentwicklung  |x Ausländische Arbeitnehmer  |x Arbeitsmarkt  |x Internationaler Vergleich/Ländervergleich  |x Flüchtlinge  |x Asylsuchende  |x Geschichtlicher Überblick  |x Einwanderung/Einwanderer 
651 7 |0 (DE-588)4053881-3  |0 (DE-627)104584904  |0 (DE-576)20910614X  |a Schweiz  |2 gnd 
655 7 |a Statistik  |0 (DE-588)4056995-0  |0 (DE-627)106152955  |0 (DE-576)209119799  |2 gnd-content 
689 0 0 |d g  |0 (DE-588)4053881-3  |0 (DE-627)104584904  |0 (DE-576)20910614X  |a Schweiz  |2 gnd 
689 0 1 |d s  |0 (DE-588)4198721-4  |0 (DE-627)105186562  |0 (DE-576)210123869  |a Einwanderungspolitik  |2 gnd 
689 0 |5 (DE-627) 
689 1 0 |d g  |0 (DE-588)4053881-3  |0 (DE-627)104584904  |0 (DE-576)20910614X  |a Schweiz  |2 gnd 
689 1 1 |d s  |0 (DE-588)4123761-4  |0 (DE-627)104212659  |0 (DE-576)209562455  |a Migrationspolitik  |2 gnd 
689 1 |5 (DE-627) 
689 2 0 |d g  |0 (DE-588)4053881-3  |0 (DE-627)104584904  |0 (DE-576)20910614X  |a Schweiz  |2 gnd 
689 2 1 |d s  |0 (DE-588)4120730-0  |0 (DE-627)105774456  |0 (DE-576)209537477  |a Migration  |2 gnd 
689 2 2 |d s  |0 (DE-588)4002733-8  |0 (DE-627)106392174  |0 (DE-576)208848509  |a Arbeitsmarkt  |2 gnd 
689 2 |5 (DE-627) 
883 |8 1\p  |a cgwrk  |d 20241001  |q DE-101  |u https://d-nb.info/provenance/plan#cgwrk 
935 |a mkri 
936 r v |a MS 3600  |b Emigranten, Immigranten, Geflüchtete  |k Soziologie  |k Spezielle Soziologien  |k Soziologie der Minoritäten und Randgruppen  |k Emigranten, Immigranten, Geflüchtete  |0 (DE-627)1270927078  |0 (DE-625)rvk/123685:  |0 (DE-576)200927078 
936 f i |0 (DE-627)1756131740  |a RA05.14  |b Schweiz  |k Europa  |k Mitteleuropa  |k Schweiz  |2 fivr 
936 f i |0 (DE-627)1756135959  |a SG02.04  |b Migration  |k Gesellschaft  |k Gesellschaftsentwicklung/Gesellschaftsstruktur  |k Migration  |2 fivs 
938 1 0 |0 (DE-627)1756141800  |0 (DE-615)6603805  |a Schweiz  |2 fivt 
938 1 0 |0 (DE-627)1756152411  |0 (DE-615)6607969  |a Internationale Migration  |2 fivt 
938 1 0 |0 (DE-627)1756227217  |0 (DE-615)6606523  |a Migrationspolitik  |2 fivt 
938 1 0 |0 (DE-627)1756178399  |0 (DE-615)6609215  |a Ausländerpolitik  |2 fivt 
938 1 0 |0 (DE-627)1756177376  |0 (DE-615)6608202  |a Ausländer  |2 fivt 
938 1 0 |0 (DE-627)1756183627  |0 (DE-615)6607818  |a Bevölkerungsentwicklung  |2 fivt 
938 1 0 |0 (DE-627)1756137145  |0 (DE-615)6604154  |a Ausländische Arbeitnehmer  |2 fivt 
938 1 0 |0 (DE-627)1756230773  |0 (DE-615)6608615  |a Arbeitsmarkt  |2 fivt 
938 1 0 |0 (DE-627)1756241317  |0 (DE-615)6607892  |a Internationaler Vergleich/Ländervergleich  |2 fivt 
938 1 0 |0 (DE-627)1756235066  |0 (DE-615)6604845  |a Flüchtlinge  |2 fivt 
938 1 0 |0 (DE-627)1756144133  |0 (DE-615)6603018  |a Asylsuchende  |2 fivt 
938 1 0 |0 (DE-627)1756190704  |0 (DE-615)6607505  |a Geschichtlicher Überblick  |2 fivt 
938 1 0 |0 (DE-627)1756221804  |0 (DE-615)6601429  |a Einwanderung/Einwanderer  |2 fivt 
951 |a BO 
ELC |b 1 
LOK |0 000 xxxxxcx a22 zn 4500 
LOK |0 001 3108585991 
LOK |0 003 DE-627 
LOK |0 004 160508834X 
LOK |0 005 19960313000000 
LOK |0 008 960313||||||||||||||||ger||||||| 
LOK |0 040   |a DE-Frei85  |c DE-627  |d DE-Frei85 
LOK |0 852   |a DE-Frei85 
LOK |0 852 1  |m p  |9 00 
LOK |0 938   |k p 
LOK |0 939   |a 13-03-96  |b l01 
ORI |a SA-MARC-krimdoka001.raw